| 000 | 00520nam a2200193 i 4500 | ||
|---|---|---|---|
| 001 | 25301 | ||
| 003 | ES-MaACL | ||
| 005 | 20230906153231.0 | ||
| 007 | t| | ||
| 008 | 021223s1957 sp ||||1| spa d | ||
| 100 | 1 |
_aAranda Mata, Antonio. _922288 |
|
| 245 | 1 | 3 |
_aEl arte militar / _cGeneral Aranda. |
| 260 |
_aMadrid : _bPegaso, _c[1957] |
||
| 300 |
_aX, 389 p. : _bil. ; _c19 cm. |
||
| 490 | 1 | _aNuestra época | |
| 830 | 0 |
_aNuestra época _9183499 |
|
| 852 |
_aES-MaACL _jC-13733 _bR.41435 |
||
| 999 |
_c25301 _d25301 |
||